[Event "Mancini CXSSP U2200"]
[Site "Mancini"]
[Date "2019.03.29"]
[Round "1.1"]
[White "Domingues, Jair Vicente"]
[Black "Oliveira, Olavo Tadeu Carvalh"]
[Result "1-0"]
[WhiteElo "1980"]
[BlackElo "1101"]
[PlyCount "55"]
[EventDate "2019.03.29"]
[EventType "swiss"]
[EventRounds "5"]
[EventCountry "BRA"]
[SourceTitle "EXT 2022"]
[Source "ChessBase"]
[SourceDate "2021.10.06"]
[SourceVersion "1"]
[SourceVersionDate "2021.10.06"]
[SourceQuality "1"]

1. d4 Nf6 2. Nf3 g6 3. c4 Bg7 4. Nc3 d6 5. e4 0-0 6. Be2 Nbd7 7. Be3 e5 8. h3 Ne8 9. dxe5 dxe5 10. Bc5 Nd6 11. Bxd6 cxd6 12. Qxd6 f5 13. 0-0-0 f4 14. Nd5 b6 15. Ne7+ Kh8 16. Nxc8 Qxc8 17. Qxd7 Qa6 18. Kb1 Rad8 19. Qxd8 Rxd8 20. Rxd8+ Bf8 21. Rxf8+ Kg7 22. Rd8 h5 23. Rhd1 Kf6 24. R1d6+ Ke7 25. R6d7+ Ke6 26. Ng5+ Kf6 27. h4 Qa4 28. Rf7# 1-0

[Event "Sao Sebastiao do Paraiso op 1st"]
[Site "Sao Sebastiao do Paraiso"]
[Date "2017.08.19"]
[Round "4"]
[White "Domingues, Jair Vicente"]
[Black "De Lima, Mateus Peres"]
[Result "0-1"]
[WhiteElo "1995"]
[BlackElo "1800"]
[PlyCount "48"]
[EventDate "2017.08.18"]
[EventType "swiss"]
[EventRounds "6"]
[EventCountry "BRA"]
[SourceTitle "CBM 180 Extra"]
[Source "ChessBase"]
[SourceDate "2017.10.06"]
[SourceVersion "1"]
[SourceVersionDate "2017.10.06"]
[SourceQuality "1"]

1. d4 Nf6 2. Nf3 g6 3. c4 Bg7 4. Nc3 0-0 5. Bf4 d6 6. Qd2 c5 7. d5 Bf5 8. Bh6 Ne4 9. Nxe4 Bxe4 10. h4 Bxf3 11. Bxg7 Kxg7 12. gxf3 h5 13. e4 a5 14. Bh3 a4 15. 0-0-0 Qa5 16. Qe3 b5 17. cxb5 Qxb5 18. Rhg1 Nd7 19. f4 Rfb8 20. Rd2 Qc4+ 21. Kb1 Nf6 22. f3 Rb3 23. axb3 axb3 24. Rd3 Qc2# 0-1

[Event "Sao Sebastiao do Paraiso op 1st"]
[Site "Sao Sebastiao do Paraiso"]
[Date "2017.08.18"]
[Round "2"]
[White "Domingues, Jair Vicente"]
[Black "Barbosa, Evandro Amorim"]
[Result "0-1"]
[WhiteElo "1995"]
[BlackElo "2509"]
[PlyCount "82"]
[EventDate "2017.08.18"]
[EventType "swiss"]
[EventRounds "6"]
[EventCountry "BRA"]
[SourceTitle "CBM 180 Extra"]
[Source "ChessBase"]
[SourceDate "2017.10.06"]
[SourceVersion "1"]
[SourceVersionDate "2017.10.06"]
[SourceQuality "1"]

1. d4 Nf6 2. Nf3 g6 3. c4 Bg7 4. Nc3 d5 5. e3 0-0 6. Qb3 e6 7. Be2 b6 8. cxd5 exd5 9. 0-0 Bb7 10. Ne5 Nbd7 11. Rd1 c6 12. Nxd7 Qxd7 13. Bf3 Rfe8 14. Qc2 Qe6 15. Bd2 Bf8 16. Re1 c5 17. dxc5 bxc5 18. Rad1 Rac8 19. b3 Bd6 20. Bc1 Ba8 21. Ba3 h5 22. Na4 Qe7 23. Nc3 Qe5 24. g3 Bc6 25. Bb2 Qe6 26. Qd3 Be5 27. Qe2 Qf5 28. Bg2 d4 29. Bxc6 Rxc6 30. exd4 Bxd4 31. Qd2 Rce6 32. Rxe6 Rxe6 33. Nb5 Bxb2 34. Qxb2 h4 35. Qd2 Qf3 36. gxh4 Re2 37. Qd8+ Kg7 38. Rf1 Re4 39. Rd1 Rg4+ 40. Kf1 Rg2 41. Qd2 Rxh2 0-1

[Event "Sao Sebastiao do Paraiso op 4th"]
[Site "Sao Sebastiao do Paraiso"]
[Date "2016.12.17"]
[Round "2"]
[White "Rodarte, Vinicius Jose Goula"]
[Black "Domingues, Jair Vicente"]
[Result "0-1"]
[WhiteElo "1800"]
[BlackElo "2005"]
[PlyCount "54"]
[EventDate "2016.12.17"]
[EventType "swiss"]
[EventRounds "5"]
[EventCountry "BRA"]
[SourceTitle "CBM 176 Extra"]
[Source "ChessBase"]
[SourceDate "2017.03.02"]
[SourceVersion "1"]
[SourceVersionDate "2017.03.02"]
[SourceQuality "1"]

1. e4 c5 2. Nf3 Nc6 3. Bb5 e6 4. d4 cxd4 5. Nxd4 Qc7 6. Be3 Nf6 7. Nd2 d5 8. Qf3 Bd7 9. 0-0 Bd6 10. c4 Bxh2+ 11. Kh1 Be5 12. Bxc6 bxc6 13. Rac1 Qb7 14. b3 0-0 15. g4 c5 16. Ne2 d4 17. Bf4 Bxf4 18. Qxf4 e5 19. Qf3 Bxg4 20. Qd3 Bxe2 21. Qxe2 Qd7 22. Nf3 Qh3+ 23. Nh2 Nh5 24. Rg1 f5 25. Rcd1 Rae8 26. Rd3 Qh4 27. exf5 e4 0-1

[Event "Sao Sebastiao do Paraiso op"]
[Site "Sao Sebastiao do Paraiso"]
[Date "2016.10.22"]
[Round "3"]
[White "Domingues, Jair Vicente"]
[Black "Frois, Vitor Amorim"]
[Result "0-1"]
[WhiteElo "1987"]
[BlackElo "1949"]
[PlyCount "62"]
[EventDate "2016.10.21"]
[EventType "swiss"]
[EventRounds "5"]
[EventCountry "BRA"]
[SourceTitle "CBM 175 Extra"]
[Source "ChessBase"]
[SourceDate "2016.12.12"]
[SourceVersion "1"]
[SourceVersionDate "2016.12.12"]
[SourceQuality "1"]

1. d4 Nf6 2. Nf3 g6 3. c4 Bg7 4. Nc3 d5 5. e3 0-0 6. Be2 c5 7. dxc5 Qa5 8. 0-0 dxc4 9. Bxc4 Qxc5 10. Bb3 Nc6 11. Bd2 Rd8 12. Qe2 Bg4 13. h3 Bxf3 14. gxf3 Qf5 15. Kg2 Ne5 16. f4 Nd3 17. Rab1 Ne4 18. Be1 Bxc3 19. Bxc3 Ndxf2 20. Rxf2 Nxf2 21. Qxf2 Qxb1 22. Qh4 Qe4+ 23. Kh2 Rac8 24. Bd4 Rxd4 25. exd4 Qe2+ 26. Kg3 Qe3+ 27. Kg4 h5+ 28. Kg5 Kg7 29. Bxf7 Qg1+ 30. Qg4 hxg4 31. hxg4 Qxd4 0-1

[Event "Sao Sebastiao CXSSP 3a"]
[Site "Sao Sebastiao do Paraiso"]
[Date "2016.10.08"]
[Round "3.1"]
[White "Batista, Gerson Peres"]
[Black "Domingues, Jair Vicente"]
[Result "1/2-1/2"]
[WhiteElo "2183"]
[BlackElo "1987"]
[PlyCount "31"]
[EventDate "2016.10.08"]
[EventType "swiss"]
[EventRounds "5"]
[EventCountry "BRA"]
[SourceTitle "EXT 2022"]
[Source "ChessBase"]
[SourceDate "2021.10.06"]
[SourceVersion "1"]
[SourceVersionDate "2021.10.06"]
[SourceQuality "1"]

1. e4 c5 2. Nf3 g6 3. Bc4 Bg7 4. c3 e6 5. d4 cxd4 6. Nxd4 a6 7. a4 Nc6 8. Be3 Nf6 9. Nxc6 bxc6 10. e5 Nd5 11. Bxd5 exd5 12. 0-0 0-0 13. f4 d6 14. exd6 Qxd6 15. b4 d4 16. Bxd4 1/2-1/2

[Event "Sao Sebastiao do Paraiso Ferias CXSSP I"]
[Site "Sao Sebastiao do Paraiso"]
[Date "2016.07.22"]
[Round "1.3"]
[White "Leite, Carlos Henrique Fon"]
[Black "Domingues, Jair Vicente"]
[Result "0-1"]
[WhiteElo "1802"]
[BlackElo "2004"]
[PlyCount "90"]
[EventDate "2016.07.22"]
[EventType "swiss"]
[EventRounds "6"]
[EventCountry "BRA"]
[SourceTitle "EXT 2022"]
[Source "ChessBase"]
[SourceDate "2021.10.06"]
[SourceVersion "1"]
[SourceVersionDate "2021.10.06"]
[SourceQuality "1"]

1. e4 c5 2. Nf3 Nc6 3. d4 cxd4 4. Nxd4 g6 5. Nc3 Bg7 6. Be3 Nf6 7. f3 0-0 8. Bc4 Qb6 9. Bb3 Nxe4 10. fxe4 Bxd4 11. Bxd4 Qxd4 12. Qd3 Qxd3 13. cxd3 d6 14. Nd5 Rb8 15. 0-0 Be6 16. Rf2 Bxd5 17. Bxd5 Nb4 18. Bb3 Nxd3 19. Rd2 Ne5 20. Rc2 Rfd8 21. Rf1 e6 22. Rc7 Rd7 23. Rfc1 Rbd8 24. Ba4 Rxc7 25. Rxc7 Rb8 26. b4 b5 27. Bb3 a6 28. Rc3 Rb6 29. Rc8+ Kg7 30. Rc7 Rc6 31. Ra7 Nd3 32. h3 Kf6 33. Kh2 Nxb4 34. Rd7 Nd3 35. Ra7 h5 36. g4 hxg4 37. hxg4 g5 38. Ra8 Nf2 39. e5+ Kxe5 40. Kg3 Ne4+ 41. Kg2 d5 42. Rh8 d4 43. Rh1 a5 44. Re1 a4 45. Bd1 Rc1 0-1

[Event "Sao Sebastiao Online 1st"]
[Site "Sao Sebastiao do Paraiso"]
[Date "2015.08.08"]
[Round "7.5"]
[White "Domingues, Jair Vicente"]
[Black "Fagundes, Francielly Naves"]
[Result "1-0"]
[WhiteElo "1974"]
[BlackElo "1758"]
[PlyCount "65"]
[EventDate "2015.08.02"]
[EventType "tourn"]
[EventRounds "9"]
[EventCountry "BRA"]
[SourceTitle "EXT 2022"]
[Source "ChessBase"]
[SourceDate "2021.10.06"]
[SourceVersion "1"]
[SourceVersionDate "2021.10.06"]
[SourceQuality "1"]

1. d4 e6 2. Nf3 f5 3. c4 Nf6 4. Nc3 Be7 5. Bg5 d5 6. e3 Ne4 7. Bxe7 Qxe7 8. Qb3 Nxc3 9. Qxc3 c6 10. Bd3 Nd7 11. cxd5 cxd5 12. Bb5 0-0 13. Bxd7 Qxd7 14. 0-0 Qc6 15. Qxc6 bxc6 16. Rfc1 Bb7 17. Rc3 Rf7 18. Ne5 Rc7 19. Rac1 Rac8 20. b4 a6 21. a4 Kf8 22. b5 axb5 23. axb5 Ke8 24. f4 Ke7 25. b6 Rd7 26. Nxd7 Kxd7 27. Ra1 Ra8 28. Rxa8 Bxa8 29. Ra3 Bb7 30. Ra7 Kc8 31. Kf2 Kb8 32. Kg3 Bc8 33. Rxg7 1-0

[Event "Batatais IRT op"]
[Site "Batatais"]
[Date "2014.01.19"]
[Round "5"]
[White "De Oliveira, Aquiles Machado"]
[Black "Domingues, Jair Vicente"]
[Result "1-0"]
[WhiteElo "2050"]
[BlackElo "2004"]
[PlyCount "108"]
[EventDate "2014.01.18"]
[EventType "swiss"]
[EventRounds "5"]
[EventCountry "BRA"]
[SourceTitle "CBM 158 Extra"]
[Source "ChessBase"]
[SourceDate "2014.02.28"]
[SourceVersion "1"]
[SourceVersionDate "2014.02.28"]
[SourceQuality "1"]

1. g3 g6 2. Bg2 c5 3. Nf3 Bg7 4. 0-0 Nc6 5. d3 Nf6 6. e4 d5 7. Nbd2 0-0 8. c3 dxe4 9. dxe4 Qd3 10. Re1 Bg4 11. h3 Bxf3 12. Qxf3 Ne5 13. Qe3 Qxe3 14. Rxe3 Rad8 15. Bf1 a6 16. f4 Bh6 17. Nb3 Ned7 18. e5 Nd5 19. Rd3 e6 20. Rd1 b5 21. c4 bxc4 22. Bxc4 Nb4 23. a3 Nb6 24. Be2 Nc2 25. Rb1 c4 26. Nc5 Nd4 27. Bg4 Bg7 28. Be3 Nc2 29. Bf2 Nd5 30. Nxe6 fxe6 31. Bxe6+ Kh8 32. Bxd5 c3 33. Be4 Rd2 34. Rxd2 cxd2 35. Bxc2 Rc8 36. Rd1 Rxc2 37. Kf1 Rxb2 38. Ke2 Bf8 39. Rxd2 Bxa3 40. Rxb2 Bxb2 41. Kd3 Kg8 42. Bb6 Kf7 43. Ba5 h5 44. Ke4 Ba3 45. Kd5 Ke7 46. g4 hxg4 47. hxg4 Bc1 48. Bb4+ Kd7 49. f5 gxf5 50. gxf5 Bg5 51. e6+ Ke8 52. Ke5 Bh6 53. f6 Bf8 54. f7+ Kd8 1-0

[Event "Batatais IRT op"]
[Site "Batatais"]
[Date "2014.01.18"]
[Round "2"]
[White "Berbel, Eduardo Costa"]
[Black "Domingues, Jair Vicente"]
[Result "0-1"]
[WhiteElo "1855"]
[BlackElo "2004"]
[PlyCount "108"]
[EventDate "2014.01.18"]
[EventType "swiss"]
[EventRounds "5"]
[EventCountry "BRA"]
[SourceTitle "CBM 158 Extra"]
[Source "ChessBase"]
[SourceDate "2014.02.28"]
[SourceVersion "1"]
[SourceVersionDate "2014.02.28"]
[SourceQuality "1"]

1. e4 c5 2. Nc3 Nc6 3. g3 g6 4. Bg2 Bg7 5. d3 e6 6. Bf4 Nd4 7. Nge2 Ne7 8. Qd2 Qb6 9. Nxd4 Bxd4 10. Rb1 0-0 11. 0-0 d6 12. Ne2 Bg7 13. b4 Rd8 14. Be3 Qc7 15. c4 Rb8 16. Rfc1 b6 17. Nc3 Nc6 18. b5 Ne7 19. Rf1 Bb7 20. Qc2 d5 21. exd5 exd5 22. Bf4 Be5 23. Bxe5 Qxe5 24. Rbe1 Qc7 25. Qe2 Rd7 26. Bh3 f5 27. Qe6+ Kg7 28. Re5 d4 29. Nd5 Bxd5 30. cxd5 Rb7 31. Rfe1 Nc8 32. d6 Qxd6 33. Bg2 Qxe6 34. Rxe6 Rbc7 35. Rc6 Ne7 36. Rce6 Kf7 37. R6e5 Rd6 38. a4 Rcd7 39. a5 Nd5 40. Re8 Nb4 41. Bf1 Nc2 42. R1e5 Na3 43. Rh8 Kg7 44. Ree8 c4 45. Rhg8+ Kh6 46. h4 c3 47. f3 Nxb5 48. g4 c2 49. Re1 Rc7 50. Rc1 Re6 51. g5+ Kh5 52. Kf2 Nc3 53. f4 Na2 54. Rxc2 Rxc2+ 0-1

[Event "Sao Sebastiao op"]
[Site "Sao Sebastiao do Paraiso"]
[Date "2013.10.06"]
[Round "6"]
[White "Domingues, Jair Vicente"]
[Black "De Sousa, Gilmar Ferreira"]
[Result "1-0"]
[WhiteElo "2094"]
[BlackElo "1835"]
[PlyCount "61"]
[EventDate "2013.10.04"]
[EventType "swiss"]
[EventRounds "6"]
[EventCountry "BRA"]
[SourceTitle "EXT 2014"]
[Source "ChessBase"]
[SourceDate "2013.11.20"]
[SourceVersion "1"]
[SourceVersionDate "2013.11.20"]
[SourceQuality "1"]

1. e4 c5 2. Nf3 e6 3. d4 cxd4 4. Nxd4 a6 5. Nc3 Qc7 6. Bd3 Nf6 7. 0-0 Nc6 8. Nxc6 bxc6 9. Qe2 Bd6 10. f4 Bc5+ 11. Kh1 d6 12. e5 Nd5 13. Ne4 0-0 14. Nxc5 dxc5 15. Qf2 Qe7 16. c4 Nb6 17. Be3 Nd7 18. Rad1 f5 19. exf6 Rxf6 20. Qh4 Nf8 21. Qh5 Rh6 22. Qxc5 Qxc5 23. Bxc5 Nd7 24. Be3 Rf6 25. Be4 e5 26. fxe5 Rxf1+ 27. Rxf1 Nxe5 28. Bd4 Ng6 29. Bxc6 Rb8 30. Bd5+ Kh8 31. Rf7 1-0

[Event "Sao Sebastiao op"]
[Site "Sao Sebastiao do Paraiso"]
[Date "2013.10.04"]
[Round "1"]
[White "Januario, Marcos Antonio"]
[Black "Domingues, Jair Vicente"]
[Result "0-1"]
[WhiteElo "1626"]
[BlackElo "2094"]
[PlyCount "58"]
[EventDate "2013.10.04"]
[EventType "swiss"]
[EventRounds "6"]
[EventCountry "BRA"]
[SourceTitle "EXT 2014"]
[Source "ChessBase"]
[SourceDate "2013.11.20"]
[SourceVersion "1"]
[SourceVersionDate "2013.11.20"]
[SourceQuality "1"]

1. d4 Nf6 2. c4 e6 3. Nf3 d5 4. g3 dxc4 5. Bg2 c5 6. 0-0 Nc6 7. dxc5 Qa5 8. Bd2 Qxc5 9. Na3 Qd5 10. Nc2 Qb5 11. Ne3 Bc5 12. Qc1 Bxe3 13. Bxe3 0-0 14. Nd2 Na5 15. Bd4 Nd5 16. e4 Nb6 17. Qc3 Na4 18. Qf3 e5 19. Bc3 Nxc3 20. bxc3 Be6 21. Rfb1 Qd7 22. Qe3 Rfd8 23. Nf3 f6 24. Rd1 Qxd1+ 25. Rxd1 Rxd1+ 26. Ne1 Rad8 27. Kf1 b6 28. Qe2 Rc1 29. f4 Rdd1 0-1

[Event "Barrinha op 1st"]
[Site "Barrinha"]
[Date "2013.??.??"]
[Round "4"]
[White "De Sousa, Gilmar Ferreira"]
[Black "Domingues, Jair Vicente"]
[Result "1-0"]
[WhiteElo "1823"]
[BlackElo "2077"]
[PlyCount "45"]
[EventDate "2013.11.15"]
[EventType "swiss"]
[EventRounds "6"]
[EventCountry "BRA"]
[SourceTitle "EXT 2015"]
[Source "ChessBase"]
[SourceDate "2014.11.20"]
[SourceVersion "1"]
[SourceVersionDate "2014.11.20"]
[SourceQuality "1"]

1. e4 c5 2. Nf3 Nc6 3. d4 cxd4 4. Nxd4 g6 5. Be3 Bg7 6. Nc3 d6 7. f3 Nf6 8. Qd2 0-0 9. 0-0-0 Bd7 10. g4 Rc8 11. h4 h5 12. gxh5 Nxh5 13. Rg1 Ne5 14. Be2 Nc4 15. Bxc4 Rxc4 16. f4 e5 17. fxe5 Bxe5 18. Qe2 Rxc3 19. bxc3 Kh7 20. Rg5 Rh8 21. Qf3 f6 22. Rxh5+ gxh5 23. Qxh5+ 1-0

[Event "Barrinha op 1st"]
[Site "Barrinha"]
[Date "2013.??.??"]
[Round "1"]
[White "Domingues, Jair Vicente"]
[Black "Petri, Angelica Cristina"]
[Result "1-0"]
[WhiteElo "2077"]
[BlackElo "1513"]
[PlyCount "83"]
[EventDate "2013.11.15"]
[EventType "swiss"]
[EventRounds "6"]
[EventCountry "BRA"]
[SourceTitle "EXT 2015"]
[Source "ChessBase"]
[SourceDate "2014.11.20"]
[SourceVersion "1"]
[SourceVersionDate "2014.11.20"]
[SourceQuality "1"]

1. e4 e5 2. Nf3 Nc6 3. Bb5 a6 4. Ba4 Nf6 5. 0-0 b5 6. Bb3 Be7 7. Re1 Bb7 8. c3 Na5 9. Nxe5 Nxb3 10. Qxb3 0-0 11. d3 d6 12. Nf3 c5 13. Bg5 Re8 14. Nbd2 Qc7 15. Rad1 Rad8 16. d4 Nd7 17. Nf1 Bxg5 18. Nxg5 Nf6 19. f3 h6 20. Nh3 Bc8 21. Nf4 c4 22. Qc2 g5 23. Ne2 Nh5 24. Ne3 Be6 25. d5 Bc8 26. Nd4 Ng7 27. Qf2 Nh5 28. Nef5 Kh7 29. h4 f6 30. hxg5 fxg5 31. g3 Qf7 32. Qh2 Qg6 33. Kf2 Ng7 34. g4 Nxf5 35. gxf5 Qf6 36. f4 g4 37. Qh5 Rg8 38. Rg1 Qg7 39. Rg3 Rde8 40. Ke3 Bxf5 41. Nxf5 Qa7+ 42. Nd4 1-0

[Event "Botucatu JAI"]
[Site "Botucatu"]
[Date "2005.10.??"]
[Round "3"]
[White "Domingues, Jair Vicente"]
[Black "Tsuboi, Edson Kenji"]
[Result "0-1"]
[WhiteElo "2117"]
[BlackElo "2345"]
[PlyCount "116"]
[EventDate "2005.10.11"]
[EventType "team-tourn"]
[EventRounds "7"]
[EventCountry "BRA"]
[SourceTitle "EXT 2022"]
[Source "ChessBase"]
[SourceDate "2021.10.06"]
[SourceVersion "1"]
[SourceVersionDate "2021.10.06"]
[SourceQuality "1"]
[WhiteTeam "Paulinia"]
[BlackTeam "Santo Andre"]
[WhiteTeamCountry "BRA"]
[BlackTeamCountry "BRA"]

1. e4 c5 2. Nf3 Nc6 3. d4 cxd4 4. Nxd4 e6 5. Be3 Nf6 6. Bd3 d5 7. Nd2 Be7 8. c3 Ne5 9. Bb5+ Bd7 10. Qc2 0-0 11. Bxd7 Qxd7 12. 0-0 Neg4 13. Rfe1 Qc7 14. N4f3 Bd6 15. g3 h6 16. Kg2 Qc6 17. Nd4 Qd7 18. f3 Nxe3+ 19. Rxe3 Bc5 20. e5 Bxd4 21. cxd4 Rfc8 22. Qd1 Nh7 23. Nb3 Qa4 24. Nc5 Qxd1 25. Rxd1 b6 26. Nb3 Rc2+ 27. Rd2 Rac8 28. Ree2 Rxd2 29. Rxd2 Nf8 30. Kf2 Nd7 31. Ke3 f6 32. exf6 Nxf6 33. Kd3 g5 34. g4 h5 35. h3 h4 36. Rc2 Rxc2 37. Kxc2 Nd7 38. Kc3 Kf7 39. Kd3 Nf8 40. Ke3 Ng6 41. Nc1 Nf4 42. Nd3 Nxh3 43. Ne5+ Kf6 44. b4 Nf4 45. Kf2 h3 46. Kg3 Ne2+ 47. Kxh3 Nxd4 48. f4 gxf4 49. Nd3 e5 50. g5+ Kxg5 51. Nxe5 Kf5 52. Nd7 Ne2 53. Kg2 d4 54. Kf2 d3 55. a4 Nc3 56. a5 d2 57. axb6 d1Q 58. b7 Ne4+ 0-1

[Event "Botucatu JAI"]
[Site "Botucatu"]
[Date "2005.10.??"]
[Round "7"]
[White "Pelikian, Jefferson"]
[Black "Domingues, Jair Vicente"]
[Result "1/2-1/2"]
[WhiteElo "2406"]
[BlackElo "2117"]
[PlyCount "74"]
[EventDate "2005.10.11"]
[EventType "team-tourn"]
[EventRounds "7"]
[EventCountry "BRA"]
[SourceTitle "EXT 2022"]
[Source "ChessBase"]
[SourceDate "2021.10.06"]
[SourceVersion "1"]
[SourceVersionDate "2021.10.06"]
[SourceQuality "1"]
[WhiteTeam "Americana"]
[BlackTeam "Paulinia"]
[WhiteTeamCountry "BRA"]
[BlackTeamCountry "BRA"]

1. e4 c5 2. Nf3 Nc6 3. d4 cxd4 4. Nxd4 g6 5. Be3 Bg7 6. Nc3 Nf6 7. Be2 0-0 8. 0-0 d5 9. Nxc6 bxc6 10. exd5 Nxd5 11. Nxd5 cxd5 12. c3 e5 13. Qd2 Be6 14. Bc5 Re8 15. Bb5 Bd7 16. a4 a6 17. Bxd7 Qxd7 18. Rfd1 Rab8 19. b4 Red8 20. a5 Qc6 21. Bb6 Rd7 22. Rac1 Qc4 23. Qd3 Rc8 24. Bc5 Qxd3 25. Rxd3 e4 26. Rd2 f5 27. Bd4 Bh6 28. Be3 Bf8 29. Rdd1 Rc4 30. Bd4 Kf7 31. Kf1 Ke6 32. Rb1 Rb7 33. b5 Bc5 34. b6 Kd6 35. Ra1 Kc6 36. Be5 Rd7 37. Rd2 Re7 1/2-1/2